1250 1040 1108 1185 1051 1431 1699 1474 1928 1677 1396 1896 1749 1488 1993 1548 1722 1580 1197 1367 1331 1374 1383 1464 1476 1232 1446 1008 1467 1784 1735 1701 1921 1286 1045 1367 1451 1406 1589 1144 1010 1937 1505 1652 1443 1430 1767 1634 1412 1806 1573 1835 1914 1858 1111 1568 1379 1579 1450 1855 1665 1070 1416 1120 1624 1286 1098 1220 1362 1515 1080 1595 1587 1343 1403 1931 1483 1501 1705 1727 1546 1524 1134 1656 1823 1969 1252 1362 1738 1877 1903 1209 1808 1283 1331 1840 1024 1522 1108 BCNSPRNW ULIB Ver.6.0+V

เปลี่ยนเป็นภาษาไทย

Change to English
 แสดงรายละเอียดบรรณานุกรม
  กลับหน้าหลัก

Brief Record : Get Marc (ISO 2709) : E-mail record : QR code < ปิดหน้าต่าง
LEADER : 00000nam 2200000uu 4500
001    13399109603
003     ULIB
008    110405s2547||||th 000 0 tha d
020    9749507029
060 04 WB537^bพ634น ล.1 2547
100 0  พิศิษฐ เบญจมงคลวารี
245 10 นวดเพื่อผ่อนคลายทั่วร่างกาย /^cโดย พิศิษฐ เบญจมงคลวารี ;บรรณาธิการ, ภัทรวัต เบญจมงคลวารี
250    พิมพ์ครั้งที่ 3
260    กรุงเทพฯ :^bหมอชาวบ้าน,^c2547
300    97 หน้า :^bภาพประกอบ ;^c21 ซม.
440    นวดไทยเพื่อสุขภาพ ;^vล.1
650  7 การนวด
700 0  ภัทรวัต เบญจมงคลวารี,^eบรรณาธิการ
945    ^p95^l0^i017781
945    ^p95^l0^i017780
995    ทศพร
999 ^a ใช้งานได้ทุกระบบ
รายการนี้ยังไม่มีแท็ก
คุณยังไม่ได้ล็อกอิน คุณสามารถมีกิจกรรมร่วมกับเว็บไซต์ได้ แต่ต้องล็อกอินก่อน ::
  ล็อกอิน

รายการสื่อสารสนเทศ

ลำดับที่ ประเภท เลขเรียก/บาร์โค้ด สถานที่ สถานะ
- ไม่พบข้อมูล -

รายการใกล้เคียง
    ผู้แต่ง [พิศิษฐ เบญจมงคลวารี]

    หัวเรื่อง [การนวด]

BibComment


ยังไม่เคยถูกคอมเมนท์

คอมเมนท์ทรัพยากรรายการนี้
  คอมเมนท์: นวดเพื่อผ่อนคลายท..


 Copyright 2026. Bcnsprnw @Library